Statistics for Biggest Cities in Canada

Click here to take the quiz!

General Stats

  • This quiz has been taken 24 times
  • The average score is 29 of 40

Answer Stats

PopulationCity% Correct
1.70 mMontreal
100%
4.10 mMontreal
100%
934 kOttawa
100%
1.32 mOttawa-Gatineau
100%
2.73 mToronto
100%
5.93 mToronto
100%
631 kVancouver
100%
2.46 mVancouver
100%
1.39 mCalgary
96%
1.24 mCalgary
96%
933 kEdmonton
96%
1.32 mEdmonton
96%
532 kQuebec City
92%
800 kQuebec City
92%
403 kHalifax
88%
403 kHalifax
88%
368 kVictoria
88%
778 kWinnipeg
88%
705 kWinnipeg
88%
246 kSaskatoon
83%
295 kSaskatoon
83%
384 kLondon
79%
494 kLondon
79%
236 kRegina
79%
537 kHamilton
71%
748 kHamilton
71%
206 kSt. John's
71%
329 kWindsor
67%
722 kMississauga
63%
524 kKitchener-Cambridge-Waterloo
58%
276 kGatineau
46%
406 kSt. Catharines-Niagara
42%
423 kLaval
38%
380 kOshawa
38%
518 kSurrey
38%
594 kBrampton
33%
212 kSherbrooke
17%
306 kVaughan
17%
329 kMarkham
13%
240 kLongueuil
8%

Score Distribution

Percentile by Number Answered

Percent of People with Each Score

Your Score History

You have not taken this quiz